000 00538nam a22002177a 4500
003 UA-OsUOA
001 64668
007 ta
008 20091106b un ||||| |||| 00| 0 ukr d
090 _a82-94(162.1)
942 _cBK
040 _aUA-OsUOA
_bpol
_cUA-OsUOA
_dUA-OsUOA
245 _aSpotkalem czlowieka
300 _a174 с.
955 _a4
041 _apol
080 _a82-94(162.1)
260 _aBialy Dunajec-Ostrog
_c2001
650 7 _a82 Література. Літературознавство
_2UDC
999 _c350631
_d350631